000 00593nam a2200181 i 4500
001 81116
003 ES-MaACL
005 20230906174355.0
007 t|
008 041103s1947 sp ||||1| spa d
100 1 _aHoyos Sáinz, Luis de,
_d1868-1951
_964437
245 1 0 _aAvance del folklore de la Etnografía criollas /
_cLuis de Hoyos Sáinz.
260 _aMadrid :
_b[s.n.,
_c1947]
300 _a18 p., 4 lám. ;
_c25 cm.
500 _aEs separata de: Revista de Indias. Nº 27 (Enero-Marzo 1947), pág. 53-68.
852 _aES-MaACL
_j1879-F-2
_bR.25437
999 _c81116
_d81116